|
|
|
|
| LEADER |
00000cam a2200000 a 4500 |
| 001 |
vtls008366346 |
| 003 |
SK-MaSNL |
| 005 |
20260301181424.0 |
| 008 |
230403s1948 xo g 000 p slo |
| 015 |
|
|
|a SNBA19451955-001281
|
| 035 |
|
|
|a SK01SNKBKSFS20010058563
|
| 035 |
|
|
|a urn:nbn:sk:snk-am3il18
|
| 035 |
|
|
|a E4D16EC7-D89E-4DED-A2E9-AE97BA58C3A3
|
| 035 |
|
|
|a urn:nbn:sk:snk-am00ensq
|
| 035 |
|
|
|a SKM000061026
|
| 040 |
|
|
|a SNK
|b slo
|c SNK
|e AACR2
|
| 041 |
0 |
|
|a slo
|
| 044 |
|
|
|a xo
|c SK
|
| 080 |
|
|
|a 821.162.4-1
|2 2011
|
| 100 |
1 |
|
|a Cádra, Fedor,
|d 1926-1998
|4 aut
|9 10089
|
| 245 |
1 |
0 |
|a Snímka tejto chvíle
|b básne
|c Fedor Cádra
|
| 250 |
|
|
|a 1. vyd.
|
| 260 |
|
|
|a Turčiansky Sv. Martin
|b Matica slovenská
|c 1948
|e Turčiansky Sv. Martin
|f Neografia
|
| 300 |
|
|
|a 62 strán
|c 21 cm
|
| 490 |
1 |
|
|a Knižnica Slovenských pohľadov
|v sv. 135
|
| 655 |
|
7 |
|a slovenská poézia
|2 SNKPH
|9 70444
|
| 830 |
|
0 |
|a Knižnica Slovenských pohľadov
|9 301337
|
| 852 |
|
|
|a Slovenská národná knižnica
|
| 954 |
|
|
|a beletria pôvodná (slovenská)
|2 lita
|
| 958 |
|
|
|a EUIPO
|
| 958 |
|
|
|a OND
|
| 958 |
|
|
|a RK
|
| 958 |
|
|
|a TL
|
| 958 |
|
|
|a LX
|
| 999 |
|
|
|c 849949
|d 851879
|
| 952 |
|
|
|a SNK
|b SNK
|y VYP
|7 0
|p 17A0560864
|o snkSC 17059 D2
|i snkF 88/63
|8 5
|0 0
|1 0
|4 0
|d 2007-10-04
|l 0
|r 2026-02-24 04:38:42
|w 2026-02-24
|
| 952 |
|
|
|a SNK
|b SNK
|y PREZ
|7 0
|p 17A0846571
|o snkSC 17059
|i snkF 5837/62
|8 5
|0 0
|1 0
|4 0
|d 2020-09-18
|f 1
|l 0
|r 2025-07-18 00:00:00
|w 2026-02-24
|